Römische Geschichte von Erbauung der Stadt an Nach Drakenborchscher Ausgabe aus dem Lateinischen übersetzt und mit Anmerkungen versehen von Gottfried Grosse Sechster Band

Bibliographic Details
Main Author: Livius, Titus, asi 59 pred Kr.-asi 17 po Kr (Author)
Other Authors: Haas, Franz (Printer), Grosse, Gottfried (Translator)
Format: Book
Language:German
Greek, Modern (1453- )
PhysicalDescription:3 nečíslované strany, 451 strán ilustrácie 8° 21 x 12
Subjects:

MARC

LEADER 00000nam a2200000 4500
001 vtls012270163
003 SK-MaSNL
005 20260301124528.0
008 251112s1799 au a f 000 0 ger
015 |a SNBHFA 
040 |a SNKHF  |b slo  |c SNKHF  |e rda 
041 1 |a ger  |h gre 
044 |a au  |c AT  |a xr  |c CZ 
072 7 |a 93/94  |x Dejiny (všeobecne)  |2 konspekt 
080 |a 93/94  |2 2011 
080 |a 94(3)  |2 2011 
100 1 |a Livius, Titus,  |d asi 59 pred Kr.-asi 17 po Kr.  |4 aut  |9 187530 
245 1 0 |a Römische Geschichte von Erbauung der Stadt an Nach Drakenborchscher Ausgabe aus dem Lateinischen übersetzt und mit Anmerkungen versehen von Gottfried Grosse  |n Sechster Band  |c Titus Livius von Patavien 
264 3 |a Wien und Prag  |b bey Franz Haas  |c 1799 
300 |a 3 nečíslované strany, 451 strán  |b ilustrácie  |c 8°  |c 21 x 12 
336 |a text  |b txt  |2 rdacontent 
337 |a bez média  |b n  |2 rdamedia 
338 |a zväzok  |b nc  |2 rdacarrier 
500 |a Vinety, signety, ozdobné iniciálky 
504 |a Poznámky pod čiarou 
510 4 |a OCLC 987330048 
546 |a Nemčina  |b Fraktura 
561 |a Proveniencia: G. Ferdinand Waschovszky 1812.  |5 SNK IC 146379/6 
561 |a Proveniencia: pečiatka: Dr. E. Kadarász- ver. not. Poz. Margity Zayovej.  |5 SNK IC 146379/6 
563 |a Väzba: papierová žltá.  |5 SNK IC 146379/6 
650 0 7 |a dejiny  |2 SNKPH  |9 3825 
650 0 7 |a starovek  |2 SNKPH  |9 4258 
700 1 |a Haas, Franz  |4 prt  |9 313752 
700 1 |a Grosse, Gottfried  |4 trl  |9 402553 
700 1 |a Waschovszky, Ferdinand G.  |4 fmo  |9 402554 
700 1 |a Kadarász, Ernest  |4 oth  |9 302455 
700 1 |a Zaiová, Margita,  |d 1868-1937  |4 fmo  |9 186369 
752 |a Rakúsko  |d Viedeň 
752 |a Česko  |d Praha 
852 |a snk  |b Zaiova knižnica  |p IC 146379/6 
958 |a DD 
958 |a ONDV 
999 |c 739749  |d 741679 
952 |t Zay 8307; Z 9789  |a SNK  |b SNK  |c SNK_HF  |y PREZ  |7 0  |p 17A1488863  |o snkIC 146379/6  |i snk2025/1315  |8 5  |0 0  |1 0  |4 0  |d 2025-01-29  |l 0  |r 2026-02-23 22:55:55  |w 2026-02-23